Agar bā shumā sukhan bigūyam : ʻāshiqānahʹhāʼī barā-yi mardum /
Saved in:
| Main Author: | |
|---|---|
| Other Authors: | |
| Format: | Book |
| Language: | Persian |
| Published: |
Mashhad :
Būtīmār : Nigāh,
1391 [2012 or 2013]
|
| Edition: | Chāp-i 1. |
| Series: | Adabīyāt-i jahān ;
2 |
| Tags: |
Add Tag
No Tags, Be the first to tag this record!
|
| LEADER | 01287nam a2200325 a 4500 | ||
|---|---|---|---|
| 001 | 014133473-8 | ||
| 005 | 20141120132926.0 | ||
| 008 | 110222s2012 ir b 000 p per d | ||
| 020 | |a 9789649963891 | ||
| 035 | 0 | |a ocn897426885 | |
| 100 | 1 | |a Neruda, Pablo, |d 1904-1973. | |
| 240 | 1 | 0 | |a Poems. |k Selections. |l Persian |
| 245 | 1 | 0 | |6 880-02 |a Agar bā shumā sukhan bigūyam : |b ʻāshiqānahʹhāʼī barā-yi mardum / |c Pāblū Nirūdā ; bargardān, Qāsim Ṣanʻavī. |
| 250 | |6 880-03 |a Chāp-i 1. | ||
| 260 | |6 880-04 |a Mashhad : |b Būtīmār : |b Nigāh, |c 1391 [2012 or 2013] | ||
| 300 | |a 112 p. ; |c 21 cm. | ||
| 490 | 0 | |6 880-05 |a Adabīyāt-i jahān ; |v 2 | |
| 500 | |a "Shiʻr-i jahān" -- On t.p. | ||
| 500 | |a Poems. | ||
| 504 | |a Includes bibliographical references. | ||
| 700 | 1 | |6 880-01 |a Ṣanʻavī, Qāsim. | |
| 752 | |a Iran |d Mashhad. | ||
| 880 | 1 | 0 | |6 245-02 |a اگر با شما سخن بگویم : |b عاشقانههایی برای مردم / |c پابلو نرودا ؛ برگردان، قاسم صنعوی. |
| 880 | |6 250-03 |a چاپ 1. | ||
| 880 | |6 260-04 |a مشهد : |b بوتیمار : |b نگاه، |c 1391 [2012 or 2013] | ||
| 880 | 0 | |6 490-05 |a ادبیات جهان ؛ |v 2 | |
| 880 | 1 | |6 700-01 |a صنعوی، قاسم. | |
| 899 | |a 415_565235 | ||
| 988 | |a 20140805 | ||
| 906 | |0 MH | ||


